MDQL
is popping MORE tags! Check the
thread
!
Quizzes
Events
Quiz Creation
Community
Videos
Private Events
Remove Ads
Sign In
Join for FREE
Feedback
Dark Mode
Quiz Categories
Sports
Geography
Music
Movies
Television
Just For Fun
Miscellaneous
History
Literature
Language
Science
Gaming
Entertainment
Religion
Holiday
For Kids
Quiz Lab
Recent
Popular Today
Quiz Kudos Today
Editor Picks
Curator Picks
Quizzes by...
Day
Popularity
Type
Ratings
Length
Year
Community
Subscriptions
Recent Discussions
Orange Saloon
Badges
Playlists
Quests
Create
Leaderboards
Showdown
Live 5
Trivia Bingo
Activity
Puzzle Library
Sporcle Events
Private Events
Virtual Trivia
Globe League
Become a Host
Pub Owners
SporcleCon
Opinionation
Our Games
Videos
Blog
Mobile Apps
Partnerships
Remove Ads and Go Orange
Feedback
Geography
Country
Landmarks
City
State
Population
World
Capital
Continent
Flags
Europe
Africa
Asia
South America
North America
Oceania
Border
Canada
United Kingdom
Topography
United States
Geography
Country
Landmarks
City
State
Population
World
Capital
Continent
Flags
Europe
Africa
Asia
South America
North America
Oceania
Border
Canada
United Kingdom
Topography
United States
Random Quiz
Search Sporcle
×
Quiz Lab
Quiz Lab
Geography
Football
Type in answers that appear in a list
Type in answers that appear in a list
Classic
Best Score? Go Orange.
Furthest from the Geographic Midpoint - Sports Teams Stats
Can you name the sports teams that are furthest from the geographic midpoint in their divisions?
By
razorz
9m
26 Questions
675 Plays
675 Plays
675 Plays
Comments
Comments
Give Quiz Kudos
Give Quiz Kudos
-
- Ratings
hide this ad
Forced Order
Answers have to be entered in order
Answers have to be entered in order
Wrong Answers
Some wrong answers will appear in red
Some wrong answers will appear in red
Random Order
Randomize order of answers
Randomize order of answers
Replay
Link that replays current quiz
Next Quiz
Link to next quiz in quiz playlist
You Got
0%
They Got
Avg Score
72%
Avg Friend Score
Upgrade to see
Score Distribution
Jump to the score distribution portion of the page
Score
0/26
Timer
09:00
0
Plays Today
Divisions
Team
% Correct
NFC East
Dallas Cowboys, New York Giants, Philadelphia Eagles, & Washington Redskins
???
96.4%
AFC East
Buffalo Bills, Miami Dolphins, New England Patriots, & New York Jets
???
95.7%
NHL Southeast
Carolina Hurricanes, Florida Panthers, Tampa Bay Lightning, Washington Capitals, & Winnipeg Jets
???
93.8%
NHL Atlantic
New Jersey Devils, New York Islanders, New York Rangers, Philadelphia Flyers, & Pittsburgh Penguins
???
93.2%
NHL Pacific
Anaheim Ducks, Dallas Stars, Los Angeles Kings, Phoenix Coyotes, & San Jose Sharks
???
91.6%
NBA Atlantic
Boston Celtics, Brooklyn Nets, New York Knicks, Philadelphia 76ers, & Toronto Raptors
???
90.5%
AL West
Houston Astros, Los Angeles Angels, Oakland Athletics, Seattle Mariners, & Texas Rangers
???
88.9%
NL Central
Chicago Cubs, Cincinnati Reds, Milwaukee Brewers, Pittsburgh Pirates, & St. Louis Cardinals
???
88.9%
AL East
Baltimore Orioles, Boston Red Sox, New York Yankees, Tampa Bay Rays, & Toronto Blue Jays
???
87.9%
NL West
Arizona Diamondbacks, Colorado Rockies, Los Angeles Dodgers, San Diego Padres, & San Francisco Giants
???
81.3%
NBA Southwest
Dallas Mavericks, Houston Rockets, Memphis Grizzlies, New Orleans Hornets, & San Antonio Spurs
???
81%
NFC West
Arizona Cardinals, St. Louis Rams, San Francisco 49ers, & Seattle Seahawks
???
80.9%
NL East
Atlanta Braves, Miami Marlins, New York Mets, Philadelphia Phillies, & Washington Nationals
???
79%
Divisions
Team
% Correct
NBA Pacific
Golden State Warriors, Los Angeles Clippers, Los Angeles Lakers, Phoenix Suns, & Sacramento Kings
???
78.8%
AFC North
Baltimore Ravens, Cincinnati Bengals, Cleveland Browns, & Pittsburgh Steelers
???
77.2%
AFC West
Denver Broncos, Kansas City Chiefs, Oakland Raiders, & San Diego Chargers
???
76.7%
NFC South
Atlanta Falcons, Carolina Panthers, New Orleans Saints, & Tampa Bay Buccaneers
???
70.2%
AL Central
Chicago White Sox, Cleveland Indians, Detroit Tigers, Kansas City Royals, & Minnesota Twins
???
68.1%
NBA Southeast
Atlanta Hawks, Charlotte Bobcats, Miami Heat, Orlando Magic, & Washington Wizards
???
63%
NFC North
Chicago Bears, Detroit Lions, Green Bay Packers, & Minnesota Vikings
???
53.2%
NHL Central
Chicago Blackhawks, Columbus Blue Jackets, Detroit Red Wings, Nashville Predators, & St. Louis Blues
???
52.4%
NHL Northeast
Boston Bruins, Buffalo Sabres, Montreal Canadiens, Ottawa Senators, & Toronto Maple Leafs
???
46.8%
NBA Northwest
Denver Nuggets, Minnesota Timberwolves, Oklahoma City Thunder, Portland Trail Blazers, & Utah Jazz
???
41.9%
AFC South
Houston Texans, Indianapolis Colts, Jacksonville Jaguars, & Tennessee Titans
???
35.9%
NHL Northwest
Calgary Flames, Colorado Avalanche, Edmonton Oilers, Minnesota Wild, & Vancouver Canucks
???
35.3%
NBA Central
Chicago Bulls, Cleveland Cavaliers, Detroit Pistons, Indiana Pacers, & Milwaukee Bucks
???
31.1%
Quiz Playlist
Details
Report
Send in Message
Add To Playlist
Classic:
Type in answers that appear in a list
Forced Order:
Answers have to be entered in order
Wrong Answers:
Some wrong answers will appear in red
Random Order:
Randomize order of answers
Quiz Source
Last Updated: Feb 16, 2017
Quiz Scoreboard
CHALLENGE
Sign Up to Join the Scoreboard
Show All
Scores
Hide
Comments
May contain spoilers
Recently Published
5x2 Blitz: Bands
by SL_Kpop136
Music
30s
Colored Red Africa Blitz
by spor1
Geography
30s
Find the 'City' Movie
by crazypaving
Movies
60s
More to Explore
Quiz From the Vault
Featured Blog Post
14 Easter Pick-up Lines to Find Eggs With
hide this ad
You Might Also Like...
Tags
Baseball Quiz
Basketball Quiz
Football Quiz
Hockey Quiz
MLB Quiz
NBA Quiz
NFL Quiz
NHL Quiz
distance
Today's Top Quizzes in Geography
Browse Geography
hide this ad
Today's Top Quizzes in Football
Browse Football
Top Contributed Quizzes in Geography
1
Colored Red Europe Blitz I
2
Countries of the World - No Outlines Minefield
3
Colored Red Africa Blitz II
4
Colored Red Europe Blitz II
5
Colored Red Europe Blitz III
6
Colored Red Africa Blitz III
7
Colored Red States Blitz I
8
Colored Red States Blitz II
9
Lietuvos savivaldybės (Lithuanian Municipalities)
10
A Different View: World Oceans
Explore More
Trending Topics
Disney
Anime
NBA
Marvel
Kpop
Harry Potter
Crossword
NFL
Country
The Office
Song
WWE
Soccer
Puzzle
Pokémon
hide this ad
More By:
razorz
Quiz
Plays
Rating
Category
Featured
Created
Thanksgiving Dinner Logic Puzzle
588,092
4.42
Holiday
Nov 13, 2012
Balls!!
109,610
4.16
Sports
Sep 23, 2011
Album Cover Jigsaw Puzzles
107,718
4.63
Music
Jul 4, 2013
Multiple Guess World Geography
104,687
4.54
Geography
Jan 3, 2013
Rhymes with 'Out'
100,321
4.44
Language
Nov 18, 2012
Go to Creator's Profile
Score Distribution
Quiz Creator Spotlight
razorz
Follow
Send a Message
Quizzes Created
-
Created Quiz Play Count
-
More By This Creator
Popular Quizzes Today
1
Colored Red Africa Blitz
2
Find the 'City' Movie
3
5x2 Blitz: Bands
4
Find the US States - No Outlines Minefield
5
The Countries of the World
6
Find the US States
7
US States
8
Find the Countries of Europe - No Outlines Minefield
More Geography Quizzes
Canadian Cities: North to South
Published
Trending Quizzes
Colored Red Europe Blitz I
Colored Red Europe Blitz II
Colored Red Africa Blitz II
Colored Red Europe Blitz III
Colored Red Africa Blitz III
Recently Updated
How Do You Spell That?
pecheneg
Godzilla Movies
pecheneg
Grab Bag: 4-10 Letters
pecheneg
2024 March Madness Bracket
pecheneg
Famous TV Couples
Peacemaker
Champions League XIs: Real Madrid
pecheneg
Largest US Cities 1790-2010
pecheneg
Rides in Walt Disney World
pecheneg
Most Oscar Losses (Acting)
pecheneg
Beyoncé Albums
pecheneg
Trending Topics
Harry Potter
Kpop
Marvel
Anime
Disney
Crossword
NBA
Soccer
Puzzle
Pokémon
Country
The Office
NFL
Song
WWE
Your Account Isn't Verified!
In order to create a playlist on Sporcle, you need to verify the email address you used during registration. Go to your
Sporcle Settings
to finish the process.
Report this User
Report this user for behavior that violates our
Community Guidelines
.
Details:
Send Report
Go to the Sporcle.com Mobile Site →
Comments